[Event "New Delhi Skillcraft U1800 op 1st"]
[Site "New Delhi"]
[Date "2025.01.10"]
[Round "2"]
[White "Hiridik, Rajendran"]
[Black "Goransh, Goyal"]
[Result "1-0"]
[WhiteElo "1772"]
[BlackElo "1529"]
[PlyCount "121"]
[EventDate "2025.01.10"]
[EventType "swiss"]
[EventRounds "9"]
[EventCountry "IND"]
[SourceTitle "CB12_2025"]
[SourceDate "2025.03.19"]
[SourceVersion "1"]
[SourceVersionDate "2025.03.19"]
[SourceQuality "1"]

1. e4 c5 2. Nf3 Nc6 3. d4 cxd4 4. Nxd4 g6 5. Be2 Bg7 6. Be3 Nf6 7. Nc3 0-0 8. 0-0 d5 9. exd5 Nxd5 10. Nxd5 Qxd5 11. Bf3 Qa5 12. Bxc6 bxc6 13. c3 Ba6 14. Re1 Qc7 15. Qa4 Bb7 16. Nb3 a5 17. Rad1 Ba6 18. Nc5 Bc8 19. Qh4 h5 20. Bg5 f6 21. Qc4+ Kh7 22. Be3 Bf5 23. Rd2 e5 24. f3 Rfd8 25. Red1 Rxd2 26. Rxd2 Rd8 27. Qe2 Bf8 28. Ne4 Be7 29. Ng3 Be6 30. b3 Bd5 31. c4 Be6 32. Ne4 Bf5 33. Ng3 Be6 34. Qd1 Rxd2 35. Qxd2 f5 36. Bf2 Qd6 37. Qxa5 h4 38. Nf1 h3 39. Qd2 hxg2 40. Kxg2 Qc7 41. Ng3 f4 42. Ne4 Qc8 43. Bc5 Bh3+ 44. Kf2 Bh4+ 45. Ke2 Bg2 46. Qd6 Bxf3+ 47. Kxf3 Qh3+ 48. Ke2 f3+ 49. Kd1 Qf1+ 50. Kc2 Qe2+ 51. Nd2 f2 52. Qd7+ Kh6 53. Bf8+ Kg5 54. Qe7+ Kg4 55. Qe6+ Kh5 56. Qh3 Qe1 57. Bc5 e4 58. Be3 Qa1 59. Bxf2 Qxa2+ 60. Kd1 Qa1+ 61. Ke2 1-0

[Event "Madurai Athens of the East op-C U1700"]
[Site "Madurai"]
[Date "2023.12.25"]
[Round "4"]
[White "Danvanth, R."]
[Black "Hiridik, Rajendran"]
[Result "1-0"]
[WhiteElo "1425"]
[BlackElo "1639"]
[PlyCount "139"]
[EventDate "2023.12.24"]
[EventType "swiss"]
[EventRounds "9"]
[EventCountry "IND"]
[SourceTitle "CBM 218 Extra"]
[Source "ChessBase"]
[SourceDate "2024.03.31"]
[SourceVersion "1"]
[SourceVersionDate "2024.03.31"]
[SourceQuality "1"]

1. e4 e5 2. Nf3 Nc6 3. Bc4 Be7 4. d4 exd4 5. c3 Nf6 6. e5 Ne4 7. cxd4 d5 8. Be2 0-0 9. 0-0 Bf5 10. Nc3 Rb8 11. Be3 a6 12. Nd2 Nxd4 13. Bxd4 Nxd2 14. Qxd2 c5 15. Rad1 cxd4 16. Qxd4 Rc8 17. Nxd5 Be6 18. Bg4 Bc5 19. Qe4 Qe8 20. b4 Ba7 21. Bf5 h6 22. Rd3 Bxd5 23. Qxd5 Rb8 24. Qd6 Rd8 25. Bd7 Bb8 26. Bxe8 Bxd6 27. Bxf7+ Rxf7 28. exd6 Rfd7 29. Rfd1 Kf7 30. Kf1 Rc8 31. Ke2 Rc4 32. Rd4 Rc2+ 33. R1d2 Rc1 34. Kd3 Rc6 35. Ke4 Ke6 36. f4 Rb6 37. a3 Rc6 38. a4 Rc1 39. g4 Re1+ 40. Kf3 Ra1 41. a5 Ra3+ 42. Kf2 Rc3 43. Re4+ Kf6 44. Kg2 Rc6 45. Red4 b6 46. h4 bxa5 47. bxa5 Rc5 48. Rd5 Rc4 49. R2d4 Rc2+ 50. Kf3 Rc1 51. g5+ hxg5 52. hxg5+ Kf7 53. Rf5+ Ke6 54. Re5+ Kf7 55. Ke4 Rc6 56. Red5 Rc1 57. Rf5+ Ke6 58. Re5+ Kf7 59. Kd5 Rc2 60. Rf5+ Kg6 61. Ke6 Rd8 62. Re5 Re8+ 63. Kd7 Rf8 64. Ke7 Rf7+ 65. Ke6 Rf8 66. d7 Rcc8 67. dxc8Q Rxc8 68. Rd6 Ra8 69. Red5 Ra7 70. Rd7 1-0